000 00662nam a2200217Ii 4500
003 JO-AjNU
008 230605s9999||||xx |||||||||||||| ||und||
017 _a2007/5/1423
040 _aJO-AjNU
_bara
_erda
_cJO-AjNU
041 _aara
050 1 4 _aHD37.A7.J62.2008
100 3 _aجوهر،عبدالله,
_eauthor
_931074
245 0 0 _aدليل رجل الاعمال الناجح
250 _aط1
264 3 1 _aعمان:دار اسامة للنشر والتوزيع،2008
300 _a176ص
336 _atext
_btxt
_2rdacontent
337 _aunmediated
_bn
_2rdamedia
338 _avolume
_bnc
_2rdacarrier
650 4 _aادارة الاعمال
_931075
999 _aA12390
_c15958
_d15958